000086550 001__ 86550 000086550 005__ 20200108151730.0 000086550 037__ $$aTAZ-TFM-2019-1363 000086550 041__ $$aspa 000086550 1001_ $$aBáguena Suso, Isabel 000086550 24200 $$aBeing a teacher, a personal and professional challenge 000086550 24500 $$aSer docente, un reto personal y profesional 000086550 260__ $$aZaragoza$$bUniversidad de Zaragoza$$c2019 000086550 506__ $$aby-nc-sa$$bCreative Commons$$c3.0$$uhttp://creativecommons.org/licenses/by-nc-sa/3.0/ 000086550 520__ $$aEste TFM se estructura como un “Aprendizaje basado en retos” en el que, a partir de unas preguntas guía, se descubren mis retos personales y se plantean los retos docentes y de la Formación Profesional. Buscando reflexionar sobre el proceso formativo para llegar a su aplicación vivencial, como profesora en el Practicum. Siendo necesarios movilizar los recursos adecuados para implementar una intervención educativa de calidad, concluyendo que el aprendizaje es continuo y ha de ser cooperativo<br /><br /> 000086550 521__ $$aMáster Universitario en Profesorado de Educación Secundaria Obligatoria, Bachillerato, Formación Profesional y Enseñanza de Idiomas, Artísticas y Deportivas 000086550 540__ $$aDerechos regulados por licencia Creative Commons 000086550 700__ $$aRodríguez Casals, Carlos$$edir. 000086550 7102_ $$aUniversidad de Zaragoza$$bDidáctica de las Ciencias Experimentales$$cDidáctica de las Ciencias Experimentales 000086550 8560_ $$f549191@celes.unizar.es 000086550 8564_ $$s2246261$$uhttps://zaguan.unizar.es/record/86550/files/TAZ-TFM-2019-1363.pdf$$yMemoria (spa) 000086550 909CO $$ooai:zaguan.unizar.es:86550$$pdriver$$ptrabajos-fin-master 000086550 950__ $$a 000086550 951__ $$adeposita:2020-01-08 000086550 980__ $$aTAZ$$bTFM$$cFEDU 000086550 999__ $$a20191121084402.CREATION_DATE